00616nam a2200181Ia 4500001001000000003000500010008004100015010001100056040000900067100003100076245011100107260003500218300001100253502008700264650002100351650000900372710005300381Para_1473CHAP220125s2000 xx 000 0 und d a200220 cCHAP aGarcía Baltazar, Alfredo aPrincipales plagas insectiles del nopal tunero en el Estado de México /c por Alfredo García Baltazar aChapingo, Méx. :b El autor a110 h. aTesis (Ing. Agr. Esp. en Parasitología Agrícola), UACh. Depto. Parasitología aNopal x plagas  aTuna aUACh. Departamento de Parasitología Agrícola